| 000 | 01111nas a2200349 4500 | ||
|---|---|---|---|
| 001 | BR0802435 | ||
| 003 | BR-BrBNA | ||
| 005 | 20231205112004.0 | ||
| 007 | ta | ||
| 008 | 230509b bl.|||p| |||| 00| 00por d | ||
| 040 |
_aBR-BrBNA _bpor _cBiblioteca Nacional de Agricultura |
||
| 041 | _a(Pt) | ||
| 072 | _aL50; L20; H10 | ||
| 100 | 1 | _aBusato, G.R. | |
| 100 | 1 | _aGrützacher, A.D. | |
| 100 | 1 | _aOliveira, A.C. de | |
| 100 | 1 | _aVieira, E.A. | |
| 100 | 1 | _aZimmer, P.D. | |
| 100 | 1 | _aKopp, M.M. | |
| 100 | 1 | _aBandeira, J. de M. | |
| 100 | 1 | _aMagalhães, T.R. | |
| 245 | 1 | _aAnálise da estrutura e diversidade molecular de populações de Spodopetera frugiperda (J.E.Smith)(Lepidoptera: Noctuidae)associadas às culturas de milho e arroz no Rio Grande do Sul | |
| 650 | _aINSETO | ||
| 650 | _aMORFOLOGIA ANIMAL | ||
| 650 | _aMOLÉCULA | ||
| 650 | _aMILHO | ||
| 650 | _aARROZ | ||
| 650 | _aRIO GRANDE DO SUL | ||
| 773 | 0 |
_tNeotropical Entomology (Brazil) _xISSN 1519-566X _g(Nov-Dec 2004), v. 33(6) p. 709-716 _wBR0802435 |
|
| 909 |
_a202311 _bLúcia _c55 _dLúcia Elande |
||
| 942 |
_2AGRIS _n0 _cANA |
||
| 999 |
_c195488 _d195488 |
||